Nong yong ji xie gong zuo shou ce / (Record no. 12928)

MARC details
000 -LEADER
fixed length control field 01199cam a2200313 a 4500
001 - CONTROL NUMBER
control field c 67000673
003 - CONTROL NUMBER IDENTIFIER
control field DLC
005 - DATE AND TIME OF LATEST TRANSACTION
control field 20260227111036.0
008 - FIXED-LENGTH DATA ELEMENTS--GENERAL INFORMATION
fixed length control field 031106r1962 cc 000 0 chi
010 ## - LIBRARY OF CONGRESS CONTROL NUMBER
LC control number c 67000673
035 ## - SYSTEM CONTROL NUMBER
System control number (CStRLIN)DCLP03-B16680
040 ## - CATALOGING SOURCE
Original cataloging agency DLC
Transcribing agency DLC-R
Modifying agency DLC-R
-- DLC
043 ## - GEOGRAPHIC AREA CODE
Geographic area code a-cc-kr
050 00 - LIBRARY OF CONGRESS CALL NUMBER
Classification number S760.C55
Item number K5 1962a
066 ## - CHARACTER SETS PRESENT
Alternate G0 or G1 character set $1
245 00 - TITLE STATEMENT
Linkage 880-01
Title Nong yong ji xie gong zuo shou ce /
Statement of responsibility, etc. Jilin Sheng nong ye ting nong ye ji xie guan li chu bian.
250 ## - EDITION STATEMENT
Linkage 880-02
Edition statement Di 1 ban.
260 ## - PUBLICATION, DISTRIBUTION, ETC.
Linkage 880-03
Place of publication, distribution, etc. Changchun :
Name of publisher, distributor, etc. Jilin ren min chu ban she,
Date of publication, distribution, etc. 1962.
300 ## - PHYSICAL DESCRIPTION
Extent [266] leaves ;
Dimensions 21 x 26 cm.
500 ## - GENERAL NOTE
General note Photocopy.
500 ## - GENERAL NOTE
General note Each leaf represents 2 pages of the original.
500 ## - GENERAL NOTE
General note Collation of original as determined from the photocopy: 1, 1, 527 p.
650 #0 - SUBJECT ADDED ENTRY--TOPICAL TERM
Topical term or geographic name entry element Agricultural machinery
Geographic subdivision China.
710 2# - ADDED ENTRY--CORPORATE NAME
Linkage 880-04
Corporate name or jurisdiction name as entry element Jilin Sheng nong ye ting nong ye ji xie guan li chu.
880 00 - ALTERNATE GRAPHIC REPRESENTATION
Linkage 245-01/$1
a 农用机械工作手册 /
c 吉林省农業厅农業机械管理处編.
880 ## - ALTERNATE GRAPHIC REPRESENTATION
Linkage 250-02/$1
a 第1版.
880 ## - ALTERNATE GRAPHIC REPRESENTATION
Linkage 260-03/$1
a 长春 :
b 吉林人民出版社,
c 1962.
880 2# - ALTERNATE GRAPHIC REPRESENTATION
Linkage 710-04/$1
a 吉林省农業厅农業机械管理处.

No items available.

Powered by Koha